¿ Existen políticas innovadoras hacia las familias latinoamericanas? /

En este texto se analiza brevemente la intitucionalidad gubernamental a cargo de los programas orientados a las familias, se sintetizan problemas y cambios percibidos por las autoridades gubernamentales, así como políticas y programas en ejecución orientados hacia las familias latinoamericanas. Se c...

Volledige beschrijving

Bewaard in:
Bibliografische gegevens
Hoofdauteur: Arriagada, Irma
Formaat: Texto
Onderwerpen:
Tags: Voeg label toe
Geen labels, Wees de eerste die dit record labelt!

MARC

LEADER 00000 a a2200000 04500
001 11623
003
040
100 |a Arriagada, Irma  
245 |a ¿ Existen políticas innovadoras hacia las familias latinoamericanas? /  |c Irma Arriagada 
500 |a Resumen también en Inglés  
520 |a En este texto se analiza brevemente la intitucionalidad gubernamental a cargo de los programas orientados a las familias, se sintetizan problemas y cambios percibidos por las autoridades gubernamentales, así como políticas y programas en ejecución orientados hacia las familias latinoamericanas. Se concluye que en la región no existen políticas innovadoras hacia las familias y se sugieren algunas propuestas para el diseño de políticas orientadas a la constitución de familias democráticas  
650 |a FAMILIA  
650 |a PROGRAMAS  
650 |a ELABORACION DE POLITICAS  
773 |g volumen 11, número 43; páginas 9-27  
999 |c 36294  |d 36294